StarKid Members Quiz Stats

 Plays Quiz not verified by Sporcle

Score 0/31 Timer 06:00
0 Plays Today
Roles Who % Correct
Harry Potter, Toby PhillipsDarren Criss
95.5%
Ronald Weasley, Joey Richter, BugJoey Richter
94.1%
Lord Voldemort, Dick, Dolores Umbridge, Commander Up, a BugJoe Walker
93.4%
Draco Malfoy, the Dragon, Tanya Freemont, Buggette Bugington, Taz, a BugLauren Lopez
93.2%
Hermione GrangerBonnie Gruesen
93.1%
Zack, Flopsy, a Dick, a Student, Remus Lupin, Junior, Veeto, a BugBrian Holden
93.1%
Severus Snape, Rick's Dick, a Death Eater, Krayonder, a BugJoe Moses
91.3%
Albus Dumbledore, a Death Eater, Tootsie Noodles/Mega-Girl, Pincer, a BugDylan Saunders
91.2%
Gregory Goyle, Rumbleroar, a Death Eater, Jim, Bill Weasley, Firenze, Past Draco Malfoy, Sweetheart, Over Queen, a BugJim Povolo
89.4%
Quirinus Quirrell, King's Cross Guard, Seamus Finnigan, James Potter, Past Ronald Weasley, CameoBrian Rosenthal
89.1%
Kevin Bushwald, Arthur Weasley, Sorty, Scarfy, Mama Umbridge, Peter Pettigrew, Caller Bug, Mister Bug, a BugNick Lang
87.3%
Joey's Heart, CameoA. J. Holmes
86.5%
Cho Chang, the Dragon, Miss Cooter, a Dick, Charlie Weasley, CameoDevin Lytle
84.7%
Ginevra Weasley, Sally, a Dick, Rita Skeeter, Neato, a BugJaime Lyn Beatty
84.1%
None (he co-writes)Matt Lang
83.9%
Member of the ''Hot Girls'', Mega-Girl, a BugMeredith Stepien
81.7%
Roles Who % Correct
Cedric Diggory, the Dragon, Cornelius Fudge, a Death Eater, Lucius Malfoy, CameoTyler Brunsman
79.1%
Vincent Crabbe, Percy Weasley, Trolley Lady, Specs, a BugJulia Albain
78.3%
February, a BugDenise Donovan
78.1%
Pansy Parkinson, a Death Eater, Molly Weasley, a Student, a Dick, Sally's Heart, The Council of the PussiesLily Marks
75.7%
RoachBrant Cox
74.3%
Bellatrix Lestrange, Hufflepuff girl, Dean Thomas, CameoBritney Coleman
71.9%
a Student, Weenie, a Pussy, Fred Weasley, Hedwig, Lily Evans, Luna Lovegood, CameoArielle Goldman
69.3%
Neville Longbottom, a Pussy, a Student, Rick, Past Hermione Granger, CameoRichard Campbell
68.8%
Duder Reese, CameoChris Allen
68.5%
a Student, Big Tallywhacker, a Pussy, YaxleyCorey Doris
67.2%
Old Snatch, a Dick, a Death Eater, Sirius Black, CameoNicholas Joseph Strauss-Matathia
66.7%
Vanessa, a Dick, a Pussy, the WindAli Gordon
59.8%
Sami ReeseElona Finlay
59.3%
Lavender Brown, a Death Eater, Dementor, George Weasley, Past Harry PotterSango Tajima
59.3%
Tiffany, a Dick, a PussyAlle-Faye Monka
47.4%

You're not logged in!

Compare scores with friends on all Sporcle quizzes.
OR
Log In

Show Comments

Extras

Top Quizzes Today


Score Distribution

Your Account Isn't Verified!

In order to create a playlist on Sporcle, you need to verify the email address you used during registration. Go to your Sporcle Settings to finish the process.

Report this User

Report this user for behavior that violates our Community Guidelines.

Details: